00245nam a2200097Ia 4500100003500000245003800035260003000073082001300103300000800116546002300124 aProductivity Development Team  aPull production for the Shopfloor bProduction Pres Incc2002 a658bPDT a102 aENGLISHcInfo.Tech